Texas Studies in English

محفوظ في:

التنسيق: دورية

اللغة: Undetermined

منشور في: JSTOR
University of Texas Press

الموضوعات:

الوصول للمادة أونلاين: Login to view Source

الوسوم: إضافة وسم

لا توجد وسوم, كن أول من يضع وسما على هذه التسجيلة!

رقم الطلب:

LEADER 00491nas a2200157Ia 4500
008 220214c99999999xx |||||||||||| ||und||
022 |a 0364-8656 
245 0 0 |a Texas Studies in English 
264 1 |b JSTOR 
264 1 |b University of Texas Press 
362 0 |a Vol. 36(1957)-37 (1958) 
653 1 0 |a Language & Literature 
856 4 0 |u https://www.jstor.org/journal/texastudengl 
942 |c JL 
952 |0 0  |1 0  |4 0  |7 1  |9 37441  |a JSR  |b JSR  |d 2022-02-14  |l 0  |r 2022-02-14 00:00:00  |w 2022-02-14  |y JL 
999 |c 45772  |d 45772